Communes en "willer" d'Alsace - Statistiques

Statistiques générales
  • Ce quiz a été pris 180 fois
    177 depuis la dernière actualisation
  • Le résultat moyen est 16 sur 132
Réponses sur la Carte
Les réponses sont colorées sur une échelle allant du rouge au vert en fonction du pourcentage des utilisateurs qui les ont devinées à leur premier essai. Vous pouvez retrouver ces pourcentages ci-dessous.
 
Statistiques - réponses
Arrondissement Commune % Correct
Altkirch | Saverne Bouxwiller
48%
Guebwiller Guebwiller
48%
Saverne Ingwiller
45%
Haguenau Bischwiller
37%
Thann Wattwiller
31%
Saverne Kirrwiller
29%
Altkirch Willer
28%
Molsheim | Mulhouse Neuwiller
27%
Saverne Neuwiller-lès-Saverne
27%
Guebwiller Bollwiller
23%
Haguenau Morschwiller
22%
Ribeauvillé Ribeauvillé
22%
Sélestat Scherwiller
21%
Sélestat Villé
21%
Haguenau Mertzwiller
19%
Guebwiller Berrwiller
18%
Saverne Dettwiller
18%
Haguenau Engwiller
16%
Erstein Goxwiller
16%
Guebwiller Hartmannswiller
16%
Saverne Monswiller
16%
Ribeauvillé Riquewihr
16%
Haguenau Uhrwiller
16%
Sélestat Gertwiller
15%
Haguenau Kindwiller
14%
Haguenau Offwiller
14%
Haguenau Zinswiller
14%
Saverne Buswiller
13%
Molsheim Natzwiller
13%
Sélestat Orschwiller
13%
Saverne Reipertswiller
13%
Haguenau Rohrwiller
13%
Molsheim Rosenwiller
13%
Saverne Weiterswiller
13%
Saverne Adamswiller
12%
Erstein Bernardswiller
12%
Thann Bernwiller
12%
Thann Bitschwiller
12%
Saverne Eckartswiller
12%
Mulhouse Eschentzwiller
12%
Altkirch Heidwiller
12%
Saverne Jetterswiller
12%
Saverne Otterswiller
12%
Mulhouse Richwiller
12%
Molsheim Romanswiller
12%
Haguenau Uhlwiller
12%
Saverne Uttwiller
12%
Erstein Zellwiller
12%
Saverne Altwiller
11%
Saverne Asswiller
11%
Molsheim Cosswiller
11%
Mulhouse Dietwiller
11%
Thann Willer-sur-Thur
11%
Saverne Allenwiller
10%
Saverne Erckartswiller
10%
Wissembourg Frœschwiller
10%
Ribeauvillé Hunawihr
10%
Saverne Mackwiller
10%
Wissembourg Merkwiller-Pechelbronn
10%
Altkirch Obermorschwiller
10%
Colmar Stosswihr
10%
Colmar Wihr-au-Val
10%
Mulhouse Attenschwiller
9%
Ribeauvillé Bennwihr
9%
Altkirch Berentzwiller
9%
Sélestat Blienschwiller
9%
Mulhouse Bourtzwiller
9%
Mulhouse Buschwiller
9%
Saverne Eywiller
9%
Molsheim Gresswiller
9%
Saverne Gungwiller
9%
Altkirch Heiwiller
9%
Saverne Hengwiller
9%
Wissembourg Hohwiller
9%
Sélestat Itterswiller
9%
Saverne Lochwiller
9%
Altkirch Luemschwiller
9%
Ribeauvillé Mittelwihr
9%
Mulhouse Morschwiller-le-Bas
9%
Wissembourg Neewiller-près-Lauterbourg
9%
Saverne Ottwiller
9%
Mulhouse Rantzwiller
9%
Saverne Rauwiller
9%
Altkirch Retzwiller
9%
Wissembourg Schwabwiller
9%
Saverne Siewiller
9%
Sélestat Thanvillé
9%
Mulhouse Wentzwiller
9%
Altkirch Wolschwiller
9%
Saverne Eschwiller
8%
Altkirch Gildwiller
8%
Guebwiller Munwiller
8%
Wissembourg Nehwiller-près-Wœrth
8%
Saverne Ratzwiller
8%
Altkirch Roppentzwiller
8%
Wissembourg Stundwiller
8%
Ribeauvillé Ammerschwihr
7%
Altkirch Balschwiller
7%
Saverne Bettwiller
7%
Altkirch Falkwiller
7%
Strasbourg Geiswiller
7%
Mulhouse Liebenswiller
7%
Ribeauvillé Niedermorschwihr
7%
Wissembourg Hermerswiller
6%
Wissembourg Retschwiller
6%
Saverne Weyer
6%
Colmar Appenwihr
5%
Colmar Bischwihr
5%
Altkirch Buethwiller
5%
Wissembourg Crœttwiller
5%
Guebwiller Gueberschwihr
5%
Colmar Holtzwihr
5%
Strasbourg Krautwiller
5%
Thann Mortzwiller
5%
Colmar Obermorschwihr
5%
Guebwiller Orschwihr
5%
Wissembourg Reimerswiller
5%
Strasbourg Reitwiller
5%
Colmar Riedwihr
5%
Altkirch Ammertzwiller
4%
Sélestat Bernardvillé
4%
Colmar Fortschwihr
4%
Wissembourg Leiterswiller
4%
Colmar Wickerschwihr
4%
Saverne Pfalzweyer
3%
Ribeauvillé Rorschwihr
3%
Ribeauvillé Aubure (Altweier)
2%
Altkirch Bellemagny (Baronsweiler)
2%
Altkirch Bréchaumont (Brückensweiler)
2%
Colmar Wihr-en-Plaine
2%
Aucun quiz correspondant
Distribution des résultats
% des personnes avec chaque résultat
Percentile par nombre de réponses
Votre historique - résultats
Vous n’avez pas pris ce quiz depuis la dernière actualisation